Quiz Football : Devine les joueurs - Partie difficile 2 - Statistiques

Statistiques générales
  • Ce quiz a été pris 230 fois
  • Le résultat moyen est 7 sur 16
Statistiques - réponses
Par images Réponse % Correct
Etienne Capoue
82%
Philippe Mexès
81%
Gregory van der Wiel
75%
Matthias Ginter
71%
Feghouli
64%
Harvey Barnes
63%
Butland
61%
Azmoun
53%
Max-Alain Gradel
43%
Hakim Mastour
41%
Bradley Wright-Phillips
18%
Ashley Williams
16%
Jesper Lindstrøm
15%
Steeve Elana
15%
Souhaliho Meité
14%
Guillermo Varela
1%
Aucun quiz correspondant
Distribution des résultats
% des personnes avec chaque résultat
Percentile par nombre de réponses
Votre historique - résultats
Vous n’avez pas pris ce quiz